Villes des Etats-Unis au nom français - Statistiques

Statistiques générales
  • Ce quiz a été pris 61 fois
  • Le résultat moyen est 6 sur 10
Statistiques - réponses
Ville État % Correct
Bâton-Rouge Louisiane
92%
La Nouvelle-Orléans Louisiane
79%
Detroit Michigan
66%
Charlotte Caroline du Nord
64%
Des Moines Iowa
54%
Saint-Louis Missouri
52%
Pierre Dakota du Sud
48%
Montpelier Vermont
46%
Louisville Kentucky
38%
Eugene Oregon
30%
Aucun quiz correspondant
Distribution des résultats
% des personnes avec chaque résultat
Percentile par nombre de réponses
Votre historique - résultats
Vous n’avez pas pris ce quiz